La Semana Santa en Tarragona
Colección:
San Jorge,
; núm. 22 (abril 1956), pàg 51
Materias:
Setmana Santa -- Tarragona (Catalunya)
Idioma:
Español
MARC
| LEADER | 00000naa a2200000 a 4500 | ||
|---|---|---|---|
| 003 | Arxiu | ||
| 005 | 20260324181505.0 | ||
| 008 | 160829s1956 spcaxx s spa c | ||
| 040 | |a AGDB | ||
| 245 | 0 | 3 | |a La Semana Santa en Tarragona |
| 490 | |a San Jorge, |v núm. 22 (abril 1956), pàg 51 | ||
| 650 | 0 | |a Setmana Santa |9 21386 |z Tarragona (Catalunya) | |
| 773 | |g Núm. 22 (abril 1956), pàg 51 |t San Jorge. | ||
| 901 | |a Arxiu | ||
| 942 | |n 1 |2 udc |c ART | ||
| 952 | |0 0 |1 0 |4 0 |6 REV511 |7 1 |9 66314 |a Arxiu |b Arxiu |d 2023-05-15 |l 0 |o Rev-511 |r 2023-05-15 00:00:00 |w 2023-05-15 |y ARXIU |z També disponible a Rev-525 | ||
| 999 | |c 43907 |d 43907 | ||